000 00459pam a2200157a 44500
008 230515b1992 xxu||||| |||| 00| 0 eng d
020 _a0-86132-066-2
041 _aENGL
082 _a306.72 DES.
100 _a"DESAI A. R.,"
245 _aRURAL SOCIOLOGY IN INDIA
250 _a5
260 _aBOMBAY
_bPOPULAR PRAKASHAN
_c1992
300 _aXX+968
650 _a"SOCIAL SCIENCES,SOCIAL STRUCTURE AND COMMUNITY,RURAL SOCIOLOGY,RURAL AND VILLAGE COMMUNITY"
999 _c534509
_d534509